LEADER 03615nam 22004575 450 001 9910300522403321 005 20220120213204.0 010 $a9783319619170 010 $a3319619179 024 7 $a10.1007/978-3-319-61917-0 035 $a(CKB)3780000000451290 035 $a(MiAaPQ)EBC4982377 035 $a(DE-He213)978-3-319-61917-0 035 $a(PPN)25947360X 035 $a(Perlego)3493006 035 $a(EXLCZ)993780000000451290 100 $a20170822d2018 u| 0 101 0 $aeng 135 $aurcnu|||||||| 181 $2rdacontent 182 $2rdamedia 183 $2rdacarrier 200 10$aInternational Disputes and Cultural Ideas in the Canadian Arctic $eArctic Sovereignty in the National Consciousness /$fby Danita Catherine Burke 205 $a1st ed. 2018. 210 1$aCham :$cSpringer International Publishing :$cImprint: Palgrave Macmillan,$d2018. 215 $a1 online resource (244 pages) $cillustrations, tables 311 08$a9783319619163 311 08$a3319619160 320 $aIncludes bibliographical references at the end of each chapters and index. 327 $aChapter 1: No Canada Without the Arctic -- Chapter 2: Riches in the Wilderness -- Chapter 3: Protecting the Home Front -- Chapter 4: Who Owns the Northwest Passage? -- Chapter 5: Get Off My Property! Approaching the Boundary Disputes in the Arctic Archipelago Region. . 330 $a"Today, when much IR literature about Arctic affairs focuses on the regional level, and where 'governance' is something of a buzzword, Danita Catherine Burke's book offers a fresh alternative. If you want to understand Canada's approach to the Arctic, Burke argues, you have to acknowledge the importance of cultural and political ideas that play out on the domestic level. After reading this book, I am convinced she is right." Stian Bones, Professor of History, UiT The Arctic University of Norway "Dr. Burke's work serves to correlate a burgeoning Canadian identity with the momentum of history viewed across the growing awareness of a young nation's respons ibilities in its own back yard. She posits an evolving grasp of the Arctic within the hearts and minds of the Canadian Citizen. It is this burgeoning awareness within the Public Square, to claim sovereignty within and beyond the cold and remote icescape of the North, which ultimately defines Canada's Crown Jewel." Ken Hedges, FRGS This book explores the Canadian relationship with its portion of the Arctic region which revolves around the dramatic split between the appearance of absent-minded governance, bordering on indifference toward the region, and the raging nationalism during moments of actual and perceived challenge toward the sovereignty of the imagined "Canadian Arctic region." Canada's nationalistic relationship with the Arctic region is often discussed as a reactionary phenomenon to the Americanization of Canada and the product of government propaganda. As this book illustrates, however, the complexity and evolution of the Canadian relationship with the Arctic region and its implication for Canada's approach toward international relations requires a more in-depth exploration. 606 $aPolitical science 606 $aPolitics and International Studies 615 0$aPolitical science. 615 14$aPolitics and International Studies. 676 $a971.9 700 $aBurke$b Danita Catherine$4aut$4http://id.loc.gov/vocabulary/relators/aut$0892037 906 $aBOOK 912 $a9910300522403321 996 $aInternational Disputes and Cultural Ideas in the Canadian Arctic$91992208 997 $aUNINA